000
002610000a22000970004500
100
1
_a
Mitchell, Nathan D.
245
1
0
_a
Ritual y nuevos medios de comunicación
300
_a
Vol.305, núm.305 (Febrero, 2005), Páginas 103-113
773
0
_t
Concilium
942
_c
ANA
999
_c
61052
_d
61052